Elementary circuit properties of transistors / (Record no. 73465)
[ view plain ]
| 000 -LEADER | |
|---|---|
| fixed length control field | 00939nam a2200265 a 4500 |
| 001 - CONTROL NUMBER | |
| control field | 73465 |
| 003 - CONTROL NUMBER IDENTIFIER | |
| rucl marc code | BD-RjUL |
| 005 - DATE AND TIME OF LATEST TRANSACTION | |
| control field | 20211209082411.0 |
| 008 - FIXED-LENGTH DATA ELEMENTS--GENERAL INFORMATION | |
| fixed length control field | 170601s1964 nyua b 001 0 eng d |
| 035 ## - SYSTEM CONTROL NUMBER | |
| System control number | (BD-RjUL)73683 |
| 040 ## - CATALOGING SOURCE | |
| Original cataloging agency | DLC |
| Transcribing agency | DLC |
| Modifying agency | BD-RjUL |
| Language of cataloging | eng |
| 041 ## - LANGUAGE CODE | |
| Language code of text/sound track or separate title | eng |
| 082 00 - DEWEY DECIMAL CLASSIFICATION NUMBER | |
| Classification number | 621.381528 |
| Edition number | 23 |
| Author mark and year | ELE 1966 |
| 100 1# - MAIN ENTRY--PERSONAL NAME | |
| Personal name | Searle, Campbell L. |
| 9 (RLIN) | 217342 |
| 245 10 - TITLE STATEMENT | |
| Title | Elementary circuit properties of transistors / |
| Statement of responsibility, etc. | [by] Campbell L. Searle ... [et all] |
| 260 ## - PUBLICATION, DISTRIBUTION, ETC. (IMPRINT) | |
| Place of publication, distribution, etc. | New York : |
| Name of publisher, distributor, etc. | J. Wiley, |
| Date of publication, distribution, etc. | c1964 [printing1966] |
| 300 ## - PHYSICAL DESCRIPTION | |
| Pagination | xxi, 306 p. : |
| Illustrations | ill. ; |
| Size | 22 cm. |
| 504 ## - BIBLIOGRAPHY, ETC. NOTE | |
| Bibliography, etc | Bibliographical footnotes and index |
| 650 #0 - SUBJECT ADDED ENTRY--TOPICAL TERM | |
| Topical term or geographic name as entry element | Transistors |
| 9 (RLIN) | 217344 |
| Topical term or geographic name as entry element | Transistor circuits. |
| 9 (RLIN) | 217345 |
| 700 ## - ADDED ENTRY--PERSONAL NAME | |
| Personal name | Searle, Campbell L ... [et all] |
| 830 ## - SERIES ADDED ENTRY--UNIFORM TITLE | |
| Uniform title | Semiconductor Electronics Education Committee books ; |
| Volume number/sequential designation | v. 3 |
| 942 ## - ADDED ENTRY ELEMENTS (KOHA) | |
| Source of classification or shelving scheme | Dewey Decimal Classification |
| Koha item type | Books |
| Lost status | Source of classification or shelving scheme | Damaged status | Not for loan | Collection code | Permanent Location | Current Location | Shelving location | Date acquired | Source of acquisition | Cost, normal purchase price | Total Checkouts | Full call number | Date last seen | Copy number | Koha item type |
|---|---|---|---|---|---|---|---|---|---|---|---|---|---|---|---|
| Dewey Decimal Classification | Not For Loan | Non-fiction | Central Library, University of Rajshahi | Central Library, University of Rajshahi | Reading Room | 13/10/1970 | Zeitlinger | 66.00 | 621.381528 ELE 1966 | 01/06/2017 | C-1 | Books | |||
| Dewey Decimal Classification | Non-fiction | Central Library, University of Rajshahi | Central Library, University of Rajshahi | 13/10/1970 | Zeitlinger | 66.00 | 621.381528 ELE 1966 | 01/06/2017 | C-2 | Books | |||||
| Dewey Decimal Classification | Non-fiction | Central Library, University of Rajshahi | Central Library, University of Rajshahi | 13/10/1970 | Swets and Zeitlinger | 621.381528 ELE 1966 | 01/06/2017 | C-3 | Books | ||||||
| Dewey Decimal Classification | Non-fiction | Central Library, University of Rajshahi | Central Library, University of Rajshahi | 12/10/1970 | Zeitlinger | 66.00 | 621.381528 ELE 1966 | 01/06/2017 | C-4 | Books | |||||
| Dewey Decimal Classification | Non-fiction | Central Library, University of Rajshahi | Central Library, University of Rajshahi | 12/10/1970 | Zeitlinger | 66.00 | 621.381528 ELE 1966 | 01/06/2017 | C-5 | Books |